Statistics for First Names of Painters

Click here to take the quiz!

General Stats

  • This quiz has been taken 52,574 times
    (52,565 since last reset)
  • The average score is 12 of 24

Answer Stats

First NameLast Name% Correct
Leonardoda Vinci
99%
Vincentvan Gogh
96%
PabloPicasso
94%
AndyWarhol
89%
SalvadorDali
89%
ClaudeMonet
72%
FridaKahlo
70%
EdvardMunch
63%
JacksonPollock
61%
HenriMatisse
54%
PaulGauguin
54%
GeorgiaO'Keeffe
49%
GustavKlimt
45%
Franciscode Goya
34%
JanVermeer
34%
Rembrandtvan Rijn
30%
EdgarDegas
28%
RoyLichtenstein
27%
WassilyKandinsky
22%
DiegoVelazquez
20%
Willemde Kooning
19%
JasperJohns
16%
WinslowHomer
14%
GerhardRichter
8%

Score Distribution

Percentile by Number Answered

Percent of People with Each Score

Your Score History

You have not taken this quiz since the last reset